000 01252cam a22003374a 4500
999 _c528230
_d528230
001 13726194
003 NUST
005 20190904080000.0
008 040921s2005 dcuab b 001 0 eng
010 _a 2004053638
020 _a0821359428
038 _aM.Sohail
040 _aDLC
_cDLC
_dDLC
042 _apcc
043 _af-ml---
050 0 0 _aHD1741.M33
_bA94 2005
082 0 0 _a333.913096623
_222
_bDJI
100 1 _aAw, Djibril,
_d1935-
_919866
245 1 0 _aMaking a large irrigation scheme work :
_ba case study from Mali /
_cDjibril Aw and Geert Diemer.
260 _aWashington, D.C. :
_bWorld Bank,
_cc2004.
300 _axx, 156 p. :
_bill., map ;
_c23 cm.
490 1 _aDirections in development
504 _aIncludes bibliographical references (p. 144-148) and index.
650 0 _aIrrigation
_zMali.
_919867
650 0 _aWater resources development
_zMali.
_919868
700 1 _aDiemer, Geert.
_919869
830 0 _aDirections in development (Washington, D.C.)
_919870
906 _a7
_bcbc
_corignew
_d1
_eocip
_f20
_gy-gencatlg
942 _2ddc
_cBK